| 000 | nam a22 7a 4500 | ||
|---|---|---|---|
| 999 |
_c127086 _d127086 |
||
| 008 | 171011b xxu||||| |||| 00| 0 eng d | ||
| 050 | _aPE1143.H652 | ||
| 100 |
_aHillerich, Robert L. _937007 |
||
| 245 |
_aSpelling _bAn element in written expression _c/ Robert L. Hillerich |
||
| 260 |
_aLondon _bCharles E. Merrill Publishing Company _c1981 |
||
| 300 |
_aviii, 224p. ; _c23cm. |
||
| 650 |
_aSpelling _937008 |
||
| 942 |
_2lcc _cMONOGRAPH |
||